A carregar...

X-Ray optics and Microanalysis

Detalhes bibliográficos
Autor principal: Borovskii,I.B
Outros Autores: N.I Komyak
Formato: Printed Book
Publicado em: New Delhi Oxonian Press 1985
Assuntos:
LEADER 00491nam a22001577a 4500
020 |a 812050013X 
082 |a 621.361 6  |b BOR 
100 |a Borovskii,I.B 
245 |a X-Ray optics and Microanalysis 
260 |a New Delhi  |b Oxonian Press  |c 1985 
300 |a xiv,450 
650 |a X-Ray Optics 
700 |a N.I Komyak 
942 |c BK 
999 |c 128752  |d 128748 
952 |0 0  |1 0  |4 0  |6 621_361000000000000_6_BOR  |7 0  |8 NFIC  |9 127238  |a SPAP  |b SPAP  |c GEN  |d 2017-08-18  |l 0  |o 621.361 6 BOR  |p SPAP1047  |r 2017-08-18  |w 2017-08-18  |y BK